Library of the University of Algiers 3
Ibrahim Sultan Cheibout
شعار جامعة الجزائر 3
مكتبة جامعة الجزائر 3
إبراهيم سلطان شيبوط

دراسات في أساليب المحاسبة الإدارية : (رقم التسجيلة. 42237)

تفاصيل مارك
000 -LEADER
fixed length control field 01153nam a2200217Ia 4500
003 - CONTROL NUMBER IDENTIFIER
control field Ost
005 - DATE AND TIME OF LATEST TRANSACTION
control field 20260507075018.0
008 - FIXED-LENGTH DATA ELEMENTS--GENERAL INFORMATION
fixed length control field 260507s9999||||xx |||||||||||||| ||und||
020 ## - INTERNATIONAL STANDARD BOOK NUMBER
International Standard Book Number 765723977
040 ## - CATALOGING SOURCE
Transcribing agency fsecg
041 ## - LANGUAGE CODE
Language code of text/sound track or separate title ara
082 ## - DEWEY DECIMAL CLASSIFICATION NUMBER
Classification number 657.7
100 ## - MAIN ENTRY--PERSONAL NAME
Personal name قللي، يحي أحمد مصطفى
Relator term مؤلف
245 #0 - TITLE STATEMENT
Title دراسات في أساليب المحاسبة الإدارية :
Remainder of title للقادة الإداريين وغير التجاريين /
Statement of responsibility, etc. يحي أحمد مصطفى قللي
260 ## - PUBLICATION, DISTRIBUTION, ETC.
Place of publication, distribution, etc. القاهرة:
Name of publisher, distributor, etc. إيتراك,
Date of publication, distribution, etc. 2003
300 ## - PHYSICAL DESCRIPTION
Extent 358 صفحة؛
Other physical details إيضاحات ؛
Dimensions 24 سم
520 ## - SUMMARY, ETC.
Summary, etc. النظام المحاسبي للمشروع-المعلومات التكاليفية-المعلومات وهندسة القرار-التكاليف واتخاذ القرارات-الموازنة الشاملة-محاسبة المسؤولية-الموازنات المرنة وتحليل الإنحرافات-الموازنة الرأسمالية-قائمة مصادر الأموال والإستخدامات
653 ## - INDEX TERM--UNCONTROLLED
Uncontrolled term القيادة الإدارية
653 ## - INDEX TERM--UNCONTROLLED
Uncontrolled term المحاسبة الإدارية
942 ## - ADDED ENTRY ELEMENTS (KOHA)
Koha item type كتب
المقتنيات
Withdrawn status Lost status Source of classification or shelving scheme Damaged status Not for loan Home library Current library Date acquired Serial enumeration / chronology Inventory number Total checkouts Full call number Barcode Date last seen Price effective from Koha item type
    Dewey Decimal Classification   Available مكتبة كلية العلوم الإقتصادية والعلوم التجارية وعلوم التسيير مكتبة كلية العلوم الإقتصادية والعلوم التجارية وعلوم التسيير 07/05/2026 الطابق الأرضي 29983   أ/82ن2 29983 07/05/2026 07/05/2026 كتب
    Dewey Decimal Classification   Available مكتبة كلية العلوم الإقتصادية والعلوم التجارية وعلوم التسيير مكتبة كلية العلوم الإقتصادية والعلوم التجارية وعلوم التسيير 07/05/2026 الطابق الأرضي 30011   أ/82ن3 30011 07/05/2026 07/05/2026 كتب
    Dewey Decimal Classification   Available مكتبة كلية العلوم الإقتصادية والعلوم التجارية وعلوم التسيير مكتبة كلية العلوم الإقتصادية والعلوم التجارية وعلوم التسيير 07/05/2026 الطابق الثاني 30042   أ/82ن4 30042 07/05/2026 07/05/2026 كتب
    Dewey Decimal Classification   Available مكتبة كلية العلوم الإقتصادية والعلوم التجارية وعلوم التسيير مكتبة كلية العلوم الإقتصادية والعلوم التجارية وعلوم التسيير 07/05/2026 الطابق الثاني 30072   أ/82ن5 30072 07/05/2026 07/05/2026 كتب

موارد الويب المفتوحة


© University of Algiers 3 All Rights Reserved
|
Implemented by LECHELAH Riad